Устройство для ручной дуговой сварки модулированным током

Podrobná bibliografie
Korporativní autor: Томский политехнический институт (ТПИ)
Další autoři: Князьков А. Ф. Анатолий Фёдорович, Ушаков С. В., Дедюх Р. И. Ростислав Иванович, Сараев Ю. Н. Юрий Николаевич, Долгун Б. Г., Азаров Н. А. Николай Антонович
Shrnutí:опубл. 15.04.80, Бюл. № 14
В фонде НТБ ТПУ отсутствует
Jazyk:ruština
Vydáno:
Témata:
Médium: MixedMaterials Kniha
KOHA link:https://koha.lib.tpu.ru/cgi-bin/koha/opac-detail.pl?biblionumber=597496

MARC

LEADER 00000nam0a2200000 4500
001 597496
005 20231101131946.0
029 1 0 |a СССР  |b 727361  |c А. с.  |d МПК B 23 K 9/00 
035 |a (RuTPU)RU\TPU\tpu\20798 
035 |a RU\TPU\tpu\20797 
039 0 |a SU  |b 2468325/27  |c 19770325 
090 |a 597496 
100 |a 20120227j19800415k y0rusy50 ca 
101 0 |a rus 
102 |a RU 
105 |a a k 000zy 
200 1 |a Устройство для ручной дуговой сварки модулированным током  |f А. Ф. Князьков [и др.]  |g Томский политехнический институт (ТПИ) 
300 |a опубл. 15.04.80, Бюл. № 14 
320 |9 572  |a Библиогр.: 3 назв. 
333 |a В фонде НТБ ТПУ отсутствует 
610 1 |a труды учёных ТПУ 
610 1 |a авторские свидетельства 
701 1 |a Князьков  |b А. Ф.  |c российский ученый, специалист в области сварки  |c доцент Института неразрушающего контроля Томского политехнического университета  |c доцент Юргинского технологического института (филиал) Томского политехнического университета  |f 1939-  |g Анатолий Фёдорович  |2 stltpush  |3 (RuTPU)RU\TPU\pers\27411  |4 070 
701 1 |a Ушаков  |b С. В. 
701 1 |a Дедюх  |b Р. И.  |c специалист в области машиностроения  |c доцент Томского политехнического университета, кандидат технических наук  |c заместитель директора Института физики высоких технологий Томского политехнического университета  |f 1943-  |g Ростислав Иванович  |2 stltpush  |3 (RuTPU)RU\TPU\pers\27254  |4 070 
701 1 |a Сараев  |b Ю. Н.  |c профессор, доктор технических наук  |c Юргинский технологический институт (филиал) Томского политехнического университета  |g Юрий Николаевич  |2 stltpush  |3 (RuTPU)RU\TPU\pers\25038  |4 070 
701 1 |a Долгун  |b Б. Г. 
701 1 |a Азаров  |b Н. А.  |c специалист в области сварочного производства  |c доцент Томского политехнического университета  |f 1951-  |g Николай Антонович  |x TPU  |2 stltpush  |3 (RuTPU)RU\TPU\pers\26674  |4 070 
712 0 2 |a Томский политехнический институт (ТПИ)  |c (1944-1991)  |2 stltpush  |3 (RuTPU)RU\TPU\col\1123 
801 1 |a RU  |b 63413507  |c 20120214 
801 2 |a RU  |b 63413507  |c 20120227  |g RCR 
942 |c BK